00586nam a22002057a 450000500170000001000130001702000220003003500130005203700160006508200120008110000360009324500680012924600510019726000120024830000200026065000210028065000410030165000200034265000180036220200528150844.0 aB-122736 c65.00a8183140122 aB-122736 bCen Lib/Ret a615.852 aف‏ضل کريم فارانی aاسلامی اصول صحت /cف‏ضل کريم فارانی aIslami Usool-E-Sehat /bby Fazle Kareem Farani c2005 ء a192p.c21cm(Hb) aادب ہندی  aہندی سیکولر -- معمار  aHindi literaure aHindi secular